| 000 | 00731nam a2200253 a 4500 | ||
|---|---|---|---|
| 001 | BRCA_5521 | ||
| 005 | 20190320205120.0 | ||
| 008 | 040211s1911----gw-a######---#000-0#ger-# | ||
| 041 | _ager | ||
| 044 | _agw | ||
| 050 | 4 |
_aND588.L4 _b.R67 2 _c1911 |
|
| 100 | 1 |
_aRosenberg, Adolf _913616 |
|
| 245 | 1 | 0 |
_aLenbach _cvon Adolf Rosenberg. |
| 260 |
_aBielefeld, Alemania _bVelhagen & Klasing _c1911 |
||
| 300 |
_a142 p. _bil. (algunas a color) _c25 cm. |
||
| 440 | 0 |
_aKunstler Monographien _v34 _913466 |
|
| 500 | _aIncluye índice de ilustraciones | ||
| 500 | _aVer también E85 (1899) | ||
| 500 | _aE105 | ||
| 600 | 1 | 4 |
_aLenbach, Franz von _d1836-1904 _913617 |
| 650 | 1 | 4 |
_aPintores alemanes _9797 |
| 902 | _aGFM | ||
| 942 |
_2lcc _cB |
||
| 999 |
_c5215 _d5215 |
||